000 00733nam a2200217Ia 4500
001 15526
003 GE_BSU
008 181216s||||||||xx |||||||||||||| ||und||
040 _cGE_BSU
080 _a821.353.1-4
100 _aჩიქოვანი,გრიგოლ
245 _aჩვენი დღეები
245 _bმხატვრული ნარკვევები
245 _cრედ.ნ.ხომერიკი. მხატვ.თ.სამსონაძე
260 _aთბილისი
260 _bლიტერატურა და ხელოვნება
260 _c1966
300 _a345გვ.20სმ.
653 _aჩვენი დღეები
942 _cBK
999 _c48626
_d48626